Effect of organic pesticide on vegetable of sampling farmer in svay reang agricultural department,(ប្រសិទ្ធភាពថ្នាំផ្សំពីរុក្ខជាតិលើដំណាំបន្លែនៃក្រុមគោលដៅរបស់មន្ទីកសិកម្ម​ខេត្តស្វាយរៀង) (Record no. 1089)

000 -LEADER
fixed length control field 00718nam a22001577a 4500
003 - CONTROL NUMBER IDENTIFIER
control field OSt
005 - DATE AND TIME OF LATEST TRANSACTION
control field 20150922161726.0
008 - FIXED-LENGTH DATA ELEMENTS--GENERAL INFORMATION
fixed length control field 150922b xxu||||| |||| 00| 0 eng d
040 ## - CATALOGING SOURCE
Transcribing agency RUA
082 ## - DEWEY DECIMAL CLASSIFICATION NUMBER
Classification number AGR CHE 2007 B035 Or.1
100 ## - MAIN ENTRY--PERSONAL NAME
9 (RLIN) 1138
Personal name CHEA SOPEAK
245 ## - TITLE STATEMENT
Title Effect of organic pesticide on vegetable of sampling farmer in svay reang agricultural department,(ប្រសិទ្ធភាពថ្នាំផ្សំពីរុក្ខជាតិលើដំណាំបន្លែនៃក្រុមគោលដៅរបស់មន្ទីកសិកម្ម​ខេត្តស្វាយរៀង)
260 ## - PUBLICATION, DISTRIBUTION, ETC. (IMPRINT)
Place of publication, distribution, etc. phnom penh
Name of publisher, distributor, etc. RUA
Date of publication, distribution, etc. 2007
300 ## - PHYSICAL DESCRIPTION
Extent x,45p.
Dimensions ill.
Size of unit 29cm.
942 ## - ADDED ENTRY ELEMENTS (KOHA)
Source of classification or shelving scheme
Koha item type AGR
Holdings
Price effective from Date last seen Permanent Location Not for loan Date acquired Source of classification or shelving scheme Koha item type Barcode Lost status Damaged status Shelving location Withdrawn status Current Location Full call number
2015-09-222015-09-22Library Block B 2015-09-22 AGRRUA008461  B035 Library Block BAGR CHE 2007 B035 Or.1
មជ្ឈមណ្ឌលឯការនៃសាកលវិទ្យាល័យភូមិន្ទកសិកម្មចំការដូង

Powered by Koha